| 000 | 00907nam a2200205 i 4500 | ||
|---|---|---|---|
| 001 | 157268 | ||
| 003 | ES-MaACL | ||
| 005 | 20250809063527.0 | ||
| 008 | 950206s1865 fr |||| | fre d | ||
| 100 | 1 |
_aLaurent, François, _d1810-1887 _9128741 |
|
| 245 | 1 | 0 |
_aHistoire du droit des gens et des relations internationales : _bétudes sur l'histoire de l'humanité. _nX, _pLes nationalités / _cpar F. Laurent. |
| 260 |
_aParis : _bLibrairie Internationale : _bA. Lacroix, Verboeckhoven et Cie., _c1865 ( _eBruxelles : _fTyp. A. Lacroix, Verboeckhoven et Cie.) |
||
| 300 |
_a506 p. ; _c21 cm. |
||
| 650 | 0 | 0 |
_aDerecho internacional público- _yS.XVI. _911725 |
| 650 | 4 |
_aDerecho internacional público- _yS.XVII. _9172780 |
|
| 651 | 4 |
_aEuropa- _xHistoria- _y1517-1648. _9148148 |
|
| 852 |
_aES-MaACL _jD-4575 _z-- Enc. hol. |
||
| 852 |
_aES-MaACL _jD-2820 _z-- Enc. hol. |
||
| 999 |
_c157268 _d157268 |
||